The Muppets... or Sesame Street? - Statistics

General Stats
  • This quiz has been taken 207 times
    202 since last reset
  • The average score is 26 of 30
Answer Stats
Hint Answer % Correct
Elmo Sesame Street
95%
Big Bird Sesame Street
94%
Oscar the Grouch Sesame Street
93%
Zoe Sesame Street
93%
Gonzo the Great The Muppets
93%
The Swedish Chef The Muppets
93%
Animal The Muppets
92%
Miss Piggy The Muppets
91%
Beaker The Muppets
91%
Sam Eagle The Muppets
91%
Fozzie Bear The Muppets
90%
Cookie Monster Sesame Street
89%
Rizzo the Rat The Muppets
89%
Telly Monster Sesame Street
88%
Scooter The Muppets
88%
Abby Cadabby Sesame Street
87%
Bert and Ernie Sesame Street
86%
Mr. Snuffleupagus Sesame Street
86%
Rowfl the Dog The Muppets
86%
Pepe the King Prawn The Muppets
86%
Statler and Waldorf The Muppets
86%
Camilla the Chicken The Muppets
86%
Dr. Bunsen Honeydew The Muppets
85%
Grover Sesame Street
84%
Count Von Count Sesame Street
84%
Rosita Sesame Street
77%
Sweetums The Muppets
74%
Guy Smiley Sesame Street
71%
Buster the Horse Sesame Street
69%
Sherlock Hemlock Sesame Street
63%
No matching quizzes found
Score Distribution
Percent of People with Each Score
Percentile by Number Answered
Your Score History
You have not taken this quiz since the last reset